<?xml version="1.0" encoding="UTF-8"?><?xml-stylesheet type="text/xsl" href="static/style.xsl"?><OAI-PMH xmlns="http://www.openarchives.org/OAI/2.0/" xmlns:xsi="http://www.w3.org/2001/XMLSchema-instance" xsi:schemaLocation="http://www.openarchives.org/OAI/2.0/ http://www.openarchives.org/OAI/2.0/OAI-PMH.xsd"><responseDate>2026-04-17T10:33:36Z</responseDate><request verb="GetRecord" identifier="oai:www.recercat.cat:2099.1/16481" metadataPrefix="marc">https://recercat.cat/oai/request</request><GetRecord><record><header><identifier>oai:recercat.cat:2099.1/16481</identifier><datestamp>2025-07-22T17:40:00Z</datestamp><setSpec>com_2072_1033</setSpec><setSpec>col_2072_452951</setSpec></header><metadata><record xmlns="http://www.loc.gov/MARC21/slim" xmlns:dcterms="http://purl.org/dc/terms/" xmlns:xsi="http://www.w3.org/2001/XMLSchema-instance" xmlns:doc="http://www.lyncode.com/xoai" xsi:schemaLocation="http://www.loc.gov/MARC21/slim http://www.loc.gov/standards/marcxml/schema/MARC21slim.xsd">
   <leader>00925njm 22002777a 4500</leader>
   <datafield ind2=" " ind1=" " tag="042">
      <subfield code="a">dc</subfield>
   </datafield>
   <datafield ind2=" " ind1=" " tag="720">
      <subfield code="a">Asensio Garcia, Adrián</subfield>
      <subfield code="e">author</subfield>
   </datafield>
   <datafield ind2=" " ind1=" " tag="260">
      <subfield code="c">2012-10-29</subfield>
   </datafield>
   <datafield ind2=" " ind1=" " tag="520">
      <subfield code="a">Estudi de patrons d'elasticitat en xarxes òptiques flexibles i la seva aplicació i implementació en entorns de tràfic estàtic i dinàmic.</subfield>
   </datafield>
   <datafield ind2=" " ind1=" " tag="520">
      <subfield code="a">[ANGLÈS] In this work it is presented the study and the obtained results when applying elasticity in flexible optical networks using flexgrid technology and with objective to evaluate a future line of work that helps to solve the routing and spectrum allocation within next-generation optical networks. For this project, a set of elasticity schemes is proposed and these schemes are evaluated solving the network planning problem proposed, in which traffic demands vary in time. Moreover, in order to evaluate the schemes in realistic network scenarios, both Mathematical Programming and a heuristic are proposed. Finally, the main conclusions regarding the use of elasticity are presented for concluding this work.</subfield>
   </datafield>
   <datafield ind2=" " ind1=" " tag="520">
      <subfield code="a">[CASTELLÀ] En este trabajo se presenta el estudio y los resultados obtenidos al aplicar elasticidad en redes ópticas flexibles con tecnología flexgrid. El objetivo de este trabajo es evaluar una futura vía de trabajo que ayude a resolver el problema del enrutamiento y la asignación de espectro en redes ópticas de próxima generación.</subfield>
   </datafield>
   <datafield ind2=" " ind1=" " tag="520">
      <subfield code="a">[CATALÀ] En aquest treball es presenta l'estudi i els resultats obtinguts en aplicar elasticitat a xarxes òptiques flexibles amb tecnologia flexgrid amb l'objectiu d'evaluar una futura via de treball que ajudi a resoldre el problema d'enrutament i assignació d'espectre en les xarxes òptiques de propera generació. Per dur a terme aquest projecte, es planteja un conjunt d'esquemes d'elasticitat que són avaluats per mitjà del problema de planificació de xarxa proposat, on les demandes de tràfic varien en el temps. Es proposen diverses formulacions matemàtiques i una heurística per avaluar els esquemes sobre xarxes realistes. Finalment, s'exposen conclusions sobre l'aplicació de la elasticitat al final d'aquest treball.</subfield>
   </datafield>
   <datafield tag="653" ind2=" " ind1=" ">
      <subfield code="a">Àrees temàtiques de la UPC::Enginyeria de la telecomunicació::Telecomunicació òptica</subfield>
   </datafield>
   <datafield tag="653" ind2=" " ind1=" ">
      <subfield code="a">Computer algorithms</subfield>
   </datafield>
   <datafield tag="653" ind2=" " ind1=" ">
      <subfield code="a">Linear programming</subfield>
   </datafield>
   <datafield tag="653" ind2=" " ind1=" ">
      <subfield code="a">Optical communications</subfield>
   </datafield>
   <datafield tag="653" ind2=" " ind1=" ">
      <subfield code="a">optical networks</subfield>
   </datafield>
   <datafield tag="653" ind2=" " ind1=" ">
      <subfield code="a">flexgrid</subfield>
   </datafield>
   <datafield tag="653" ind2=" " ind1=" ">
      <subfield code="a">elasticity</subfield>
   </datafield>
   <datafield tag="653" ind2=" " ind1=" ">
      <subfield code="a">MH-RSA</subfield>
   </datafield>
   <datafield tag="653" ind2=" " ind1=" ">
      <subfield code="a">redes ópticas</subfield>
   </datafield>
   <datafield tag="653" ind2=" " ind1=" ">
      <subfield code="a">elasticidad</subfield>
   </datafield>
   <datafield tag="653" ind2=" " ind1=" ">
      <subfield code="a">xarxes de telecomunicacions òptiques</subfield>
   </datafield>
   <datafield tag="653" ind2=" " ind1=" ">
      <subfield code="a">Algorismes genètics</subfield>
   </datafield>
   <datafield tag="653" ind2=" " ind1=" ">
      <subfield code="a">Programació lineal</subfield>
   </datafield>
   <datafield tag="653" ind2=" " ind1=" ">
      <subfield code="a">Comunicacions òptiques</subfield>
   </datafield>
   <datafield ind2="0" ind1="0" tag="245">
      <subfield code="a">Elastic spectrum allocation in flexgrid optical networks</subfield>
   </datafield>
</record></metadata></record></GetRecord></OAI-PMH>